Aktuálne otázky psychológie peňazí a finančnej psychológie
Komunikácia o peniazoch zo psychologického hľadiska informovaním o rozvíjajúcej sa psychológii peňazí a finančnej psychológii. Biologické a evolučné korene finančného prežívania a správania človeka. Rozvoj emocionálnej inteligencie vo väzbe pôsobenia peňazí na ľudí.
Guardado en:
| Autor principal: | |
|---|---|
| Formato: | Capítulo de libro |
| Lenguaje: | eslovaco |
| Materias: | |
| Etiquetas: |
Sin Etiquetas, Sea el primero en etiquetar este registro!
|
MARC
| LEADER | 00000naa a2200000 4500 | ||
|---|---|---|---|
| 001 | 0205837 | ||
| 005 | 20231211074547.5 | ||
| 041 | 0 | |a slo | |
| 044 | |a CZ | ||
| 245 | 1 | 0 | |a Aktuálne otázky psychológie peňazí a finančnej psychológie |c Zdenka Macková |
| 520 | |a Komunikácia o peniazoch zo psychologického hľadiska informovaním o rozvíjajúcej sa psychológii peňazí a finančnej psychológii. Biologické a evolučné korene finančného prežívania a správania človeka. Rozvoj emocionálnej inteligencie vo väzbe pôsobenia peňazí na ľudí. | ||
| 610 | 2 | 0 | |a psychológia sociálna |
| 610 | 2 | 0 | |a psychológia aplikovaná |
| 610 | 2 | 0 | |a správanie sociálne |
| 610 | 2 | 0 | |a financie behaviorálne |
| 610 | 2 | 0 | |a postoje |
| 610 | 2 | 0 | |a peniaze |
| 100 | 1 | |a Macková, Zdenka | |